72 personnages Riverdale - Statistiques

Statistiques générales
  • Ce quiz a été pris 980 fois
  • Le résultat moyen est 34 sur 72
Statistiques - réponses
Personnages Riverdale % Correct
Betty Cooper
99%
Veronica Lodge
99%
Archie Andrews
97%
Cheryl Blossom
96%
Jughead Jones
96%
Alice Cooper
94%
Hiram Lodge
93%
FP Jones
91%
Hermione Lodge
91%
Fred Andrews
90%
Kevin Keller
89%
Polly Cooper
89%
Jason Blossom
88%
Jason Blossom
88%
Hal Cooper
85%
Tony Topaz
83%
Josie McCoy
78%
Pénélope Blossom
76%
Jellybean Jones
74%
Reggie Mantle
72%
Charles Smith
68%
Fangs Fogarty
68%
Mary Andrews
66%
Chic
63%
Clifford Blossom
59%
Moose Manson
55%
Sweet Pea
53%
Nana Rose Blossom
52%
Ethel Muggs
51%
Pop Tate
51%
Tom Keller
51%
Edgar Evernever
47%
Gladys Jones
47%
Sierra McCoy
46%
Evelyn Evernever
44%
Penny Peabody
43%
Hermosa Lodge
42%
Midge Klump
42%
Chuck Clayton
39%
Dilton Doyley
39%
Donna Sweett
39%
Bret Weston Wallis
37%
Nick St. Claire
35%
Géraldine Grundy
32%
Holden Honey
32%
Dagwood Blossom
31%
Juniper Blossom
30%
Melody Valentine
30%
Tall Boy
28%
Ben Button
27%
Joaquin Desantos
26%
André
25%
Smithers
20%
Arthur Adam
19%
Joan Berkeley
17%
Michael Minetta
17%
Kurtz
15%
Malachai
15%
Elio Grande
14%
Forsythe Pendleton Jones
14%
M. Chipping
14%
Monroe Moore
14%
Cassidy Bullock
13%
Curdle J.R.
13%
Dodger
13%
Francis Dupont
13%
Joseph Svenson
13%
sœur Agatha Woodhouse
13%
Poppa Poutine
11%
Daryl Doyley
10%
Joanathan
9%
Waldo Weaserbee
9%
Aucun quiz correspondant
Distribution des résultats
% des personnes avec chaque résultat
Percentile par nombre de réponses
Votre historique - résultats
Vous n’avez pas pris ce quiz